00623nam a2200205Ia 4500001000800000003000500008005001700013008004100030010001100071040000900082082002100091100003900112245010800151260005500259300001000314503000800324504002900332650002600361650003000387dia_225CHAP20221208121812.0220117s1977 xx 000 0 und d a170653 cCHAP a334.683 F47 1977 aFernández y Fernández, Ramón aLas formas de cooperación y de integración en la agricultura /c Ramón Fernández y Fernández aMéxico :b ENA, Colegio de Postgraduados,c1977 a93 h. aC/e aBibliografía: h. 89-94 aAgricultura colectiva aAgricultura cooperativa